[Event "Torino op 53rd"]
[Site "Torino"]
[Date "2024.01.06"]
[Round "8"]
[White "Agresta, Giulio"]
[Black "Madiai, Federico"]
[Result "0-1"]
[WhiteElo "2029"]
[BlackElo "2172"]
[PlyCount "82"]
[EventDate "2024.01.02"]
[EventType "swiss"]
[EventRounds "9"]
[EventCountry "ITA"]
[SourceTitle "CB02_2024"]
[SourceDate "2024.01.10"]
[SourceVersion "1"]
[SourceVersionDate "2024.01.10"]
[SourceQuality "1"]

1. e4 Nc6 2. Nf3 e5 3. d4 exd4 4. Bc4 Nf6 5. e5 d5 6. Bb5 Nd7 7. 0-0 Be7 8. Bxc6 bxc6 9. Nxd4 Nb8 10. Qf3 0-0 11. Nf5 Bxf5 12. Qxf5 Qd7 13. Qd3 Qe6 14. Bf4 Nd7 15. Re1 f6 16. Qg3 fxe5 17. Bxe5 Nxe5 18. Rxe5 Qf6 19. Re1 Qxb2 20. Nd2 Bb4 21. Qd3 Qf6 22. Rf1 Rae8 23. Nf3 Re4 24. Rab1 Bd6 25. Rfe1 Rf4 26. Rb3 Qh6 27. h3 Qh5 28. Qf1 c5 29. Rd3 c4 30. Rd4 R4f6 31. Rg4 Qf5 32. Re2 Bf4 33. Nd4 Qd7 34. Qe1 Bd6 35. Ne6 R8f7 36. h4 Re7 37. Ng5 Qxg4 38. Rxe7 Bxe7 39. Qxe7 Qf5 40. f3 h6 41. g4 Qc8 0-1

[Event "Spilimbergo op 18th"]
[Site "Spilimbergo"]
[Date "2020.08.09"]
[Round "1"]
[White "Madiai, Federico"]
[Black "Tari, Aryan"]
[Result "0-1"]
[WhiteElo "2208"]
[BlackElo "2625"]
[PlyCount "50"]
[EventDate "2020.08.09"]
[EventType "swiss"]
[EventRounds "9"]
[EventCountry "ITA"]
[SourceTitle "CBM 197 Extra"]
[Source "ChessBase"]
[SourceDate "2020.09.30"]
[SourceVersion "1"]
[SourceVersionDate "2020.09.30"]
[SourceQuality "1"]

1. c4 e5 2. Nf3 e4 3. Nd4 Nc6 4. Nc2 Nf6 5. Nc3 Bc5 6. g3 0-0 7. Bg2 Re8 8. b3 a5 9. 0-0 d6 10. Kh1 Bf5 11. f3 exf3 12. Rxf3 Bxc2 13. Qxc2 Nd4 14. Qd1 Nxf3 15. Bxf3 c6 16. d4 Bb4 17. Qd3 Bxc3 18. Qxc3 Ne4 19. Qc2 d5 20. Bf4 Qd7 21. Kg2 Qf5 22. Rf1 Nxg3 23. Qxf5 Nxf5 24. cxd5 Nxd4 25. dxc6 bxc6 0-1

[Event "Zuerich op 42nd"]
[Site "Zuerich"]
[Date "2018.12.27"]
[Round "2"]
[White "Kunin, Vitaly L"]
[Black "Madiai, Federico"]
[Result "1-0"]
[WhiteElo "2535"]
[BlackElo "2238"]
[PlyCount "53"]
[EventDate "2018.12.26"]
[EventType "swiss"]
[EventRounds "7"]
[EventCountry "SUI"]
[SourceTitle "CBM 188 Extra"]
[Source "ChessBase"]
[SourceDate "2019.02.26"]
[SourceVersion "1"]
[SourceVersionDate "2019.02.26"]
[SourceQuality "1"]

1. d4 d5 2. Nf3 Nf6 3. c4 e6 4. Bg5 dxc4 5. e3 b5 6. Be2 Bb7 7. 0-0 a6 8. a4 Nbd7 9. Nc3 c6 10. e4 b4 11. e5 bxc3 12. exf6 gxf6 13. Bh4 cxb2 14. Rb1 c5 15. Bxc4 cxd4 16. Rxb2 Bxf3 17. Qxf3 Ne5 18. Qb7 Bg7 19. f4 Nxc4 20. Qc6+ Qd7 21. Qxa8+ Ke7 22. Rb8 Rxb8 23. Qxb8 Qc6 24. Rc1 Qb6 25. Qc8 d3+ 26. Bf2 d2 27. Bc5+ 1-0

[Event "Biella op-A 9th"]
[Site "Biella"]
[Date "2018.09.30"]
[Round "5.5"]
[White "Bolognese, Leonardo"]
[Black "Madiai, Federico"]
[Result "1-0"]
[WhiteElo "1907"]
[BlackElo "2230"]
[PlyCount "89"]
[EventDate "2018.09.28"]
[EventType "swiss"]
[EventRounds "5"]
[EventCountry "ITA"]
[SourceTitle "EXT 2024"]
[Source "ChessBase"]
[SourceDate "2023.10.10"]
[SourceVersion "1"]
[SourceVersionDate "2023.10.10"]
[SourceQuality "1"]

1. d4 Nf6 2. c4 Nc6 3. Nc3 e5 4. d5 Ne7 5. e4 Ng6 6. h4 Bb4 7. Bd3 Qe7 8. Nge2 Nh5 9. g3 h6 10. a3 Bxc3+ 11. Nxc3 Nf6 12. h5 Nf8 13. Nb5 d6 14. Qa4 c6 15. dxc6 bxc6 16. Nd4 Qc7 17. Qxc6+ Qxc6 18. Nxc6 Bb7 19. Na5 Bxe4 20. Bxe4 Nxe4 21. Be3 Ne6 22. 0-0-0 Kd7 23. Rh4 f5 24. f4 Ke7 25. Nc6+ Kf6 26. fxe5+ dxe5 27. Rxe4 Rhc8 28. Nxa7 Rxa7 29. Bxa7 fxe4 30. b3 Ra8 31. Be3 Rxa3 32. Kb2 Ra8 33. b4 Rc8 34. c5 Kf5 35. Rd6 Nc7 36. Kb3 Kg4 37. Kc4 Kf3 38. Bc1 e3 39. Rd3 Kxg3 40. Rxe3+ Kf4 41. b5 e4 42. b6 Ne6 43. b7 Rxc5+ 44. Kb4 Rxc1 45. Rb3 1-0

[Event "Sant'Angelo Festival Abruzzo"]
[Site "Sant'Angelo"]
[Date "2018.08.07"]
[Round "3.3"]
[White "Solodovnichenko, Yuri"]
[Black "Madiai, Federico"]
[Result "1-0"]
[WhiteElo "2535"]
[BlackElo "2262"]
[PlyCount "41"]
[EventDate "2018.08.05"]
[EventType "swiss"]
[EventRounds "9"]
[EventCountry "ITA"]
[SourceTitle "EXT 2024"]
[Source "ChessBase"]
[SourceDate "2023.10.10"]
[SourceVersion "1"]
[SourceVersionDate "2023.10.10"]
[SourceQuality "1"]

1. e4 e5 2. Nf3 Nc6 3. d4 exd4 4. Nxd4 Nf6 5. Nxc6 bxc6 6. e5 Qe7 7. Qe2 Nd5 8. c4 Nb6 9. Nd2 Qe6 10. b3 a5 11. Bb2 a4 12. Qe3 axb3 13. axb3 Rxa1+ 14. Bxa1 Bb4 15. Bd3 0-0 16. 0-0 d5 17. Nf3 dxc4 18. Bxh7+ Kh8 19. Bb1 Qh6 20. Qe4 Be6 21. Nd4 1-0

[Event "ITA-ch sf 78th"]
[Site "Alessandria"]
[Date "2018.07.22"]
[Round "2"]
[White "Basso, Pier Luigi"]
[Black "Madiai, Federico"]
[Result "1-0"]
[WhiteElo "2484"]
[BlackElo "2262"]
[PlyCount "79"]
[EventDate "2018.07.21"]
[EventType "swiss"]
[EventRounds "9"]
[EventCountry "ITA"]
[SourceTitle "CBM 186 Extra"]
[Source "ChessBase"]
[SourceDate "2018.08.24"]
[SourceVersion "1"]
[SourceVersionDate "2018.08.24"]
[SourceQuality "1"]

1. d4 d5 2. c4 e6 3. Nc3 Nf6 4. Nf3 c5 5. cxd5 Nxd5 6. e4 Nxc3 7. bxc3 cxd4 8. cxd4 Bb4+ 9. Bd2 Bxd2+ 10. Qxd2 0-0 11. Bc4 b6 12. 0-0 Bb7 13. Rfe1 Nd7 14. Rad1 Rc8 15. Bb3 h6 16. Re3 Qe7 17. d5 exd5 18. exd5 Qf6 19. d6 Rcd8 20. Bd5 Bc8 21. Re7 a6 22. h4 Nc5 23. Bc6 Bg4 24. Qd4 Qxd4 25. Rxd4 Bxf3 26. gxf3 Ne6 27. Rd1 Rb8 28. Kh2 g6 29. Bd5 Nc5 30. h5 Kg7 31. Rg1 g5 32. f4 g4 33. Rxg4+ Kf6 34. Bxf7 Rbd8 35. Rg6+ Kf5 36. Kg3 Ne4+ 37. Kf3 Nd2+ 38. Ke3 Nf1+ 39. Ke2 Nh2 40. d7 1-0

[Event "ITA-chT 50th"]
[Site "Gallipoli"]
[Date "2018.05.01"]
[Round "7.4"]
[White "Madiai, Federico"]
[Black "Gregori, Giacomo"]
[Result "0-1"]
[WhiteElo "2260"]
[BlackElo "2282"]
[PlyCount "86"]
[EventDate "2018.04.27"]
[EventType "team-swiss"]
[EventRounds "7"]
[EventCountry "ITA"]
[SourceTitle "EXT 2019"]
[Source "ChessBase"]
[SourceDate "2018.10.10"]
[SourceVersion "1"]
[SourceVersionDate "2018.10.10"]
[SourceQuality "1"]
[WhiteTeam "Acqui Terme Collino"]
[BlackTeam "Regina Cornaro"]
[WhiteTeamCountry "ITA"]
[BlackTeamCountry "ITA"]

1. Nf3 Nf6 2. g3 g6 3. Bg2 Bg7 4. 0-0 0-0 5. d4 d6 6. b3 a5 7. c4 c6 8. Bb2 d5 9. Nc3 Bf5 10. Ne5 Be6 11. Nd3 Bc8 12. c5 Bf5 13. f3 Bxd3 14. exd3 Nfd7 15. Na4 Na6 16. Qd2 Nc7 17. Qf2 Nb5 18. Rfe1 e6 19. f4 h5 20. h3 Re8 21. g4 hxg4 22. hxg4 g5 23. f5 Qf6 24. fxe6 fxe6 25. Qd2 Qf4 26. Qxf4 gxf4 27. Re5 Nxe5 28. dxe5 Rf8 29. Nb6 Rad8 30. Bf3 Kf7 31. d4 Kg6 32. a4 Na7 33. Bc3 Rh8 34. Kg2 Rh7 35. Rh1 Rxh1 36. Kxh1 Nc8 37. Bxa5 Ne7 38. Kg2 Rh8 39. Nd7 Kg5 40. Bc7 Ng6 41. Be2 Nh4+ 42. Kf2 f3 43. Bd3 Kxg4 0-1

[Event "Biella op 8th"]
[Site "Biella"]
[Date "2017.09.24"]
[Round "5"]
[White "Madiai, Federico"]
[Black "Montilli, Vincenzo"]
[Result "1-0"]
[WhiteElo "2216"]
[BlackElo "2259"]
[PlyCount "129"]
[EventDate "2017.09.22"]
[EventType "swiss"]
[EventRounds "5"]
[EventCountry "ITA"]
[SourceTitle "CBM 180 Extra"]
[Source "ChessBase"]
[SourceDate "2017.10.06"]
[SourceVersion "1"]
[SourceVersionDate "2017.10.06"]
[SourceQuality "1"]

1. e4 c5 2. Nf3 Nc6 3. Nc3 d6 4. d4 cxd4 5. Nxd4 e5 6. Nf5 Nf6 7. g4 g6 8. Ne3 h6 9. h4 Be6 10. h5 gxh5 11. gxh5 Qd7 12. Ned5 Be7 13. f3 0-0-0 14. Be3 Kb8 15. Qd2 Nd4 16. Bxd4 exd4 17. Qxd4 Bxd5 18. exd5 Qf5 19. 0-0-0 Nxh5 20. Kb1 Bf6 21. Rxh5 Qxh5 22. Qxf6 Rhe8 23. Bb5 Rg8 24. Be2 Qg6 25. Qd4 Qg7 26. Qa4 Qe5 27. Bd3 Qe3 28. Qe4 Rge8 29. Qxe3 Rxe3 30. Be4 f5 31. Bxf5 Rxf3 32. Bg4 Rg3 33. Be6 a6 34. a3 Kc7 35. Rf1 Rg7 36. Rh1 Rg6 37. Ne4 Rf8 38. Rh3 Rd8 39. Rc3+ Kb8 40. Rf3 Rg1+ 41. Ka2 Rg6 42. Kb3 Kc7 43. Rf7+ Kb6 44. Rh7 a5 45. a4 h5 46. Rxh5 Rg1 47. Rh6 Re1 48. Bf5 Kc7 49. Nc3 Kb6 50. Be6 Kc5 51. Rh7 Kb6 52. Nb5 Re4 53. c3 Rf4 54. Ka3 Re4 55. Nd4 Re3 56. Nb5 Re4 57. Rh6 Kc5 58. Rf6 Re3 59. Rf4 Rg3 60. Kb3 Rg2 61. Rc4+ Kb6 62. Rc7 Rg5 63. Kc4 Rh5 64. Bc8 Rh4+ 65. Kb3 1-0

[Event "Biella op-A 7th"]
[Site "Biella"]
[Date "2016.09.25"]
[Round "5.6"]
[White "Madiai, Federico"]
[Black "Lezzerini, Marco"]
[Result "1-0"]
[WhiteElo "2205"]
[BlackElo "2083"]
[PlyCount "69"]
[EventDate "2016.09.23"]
[EventType "swiss"]
[EventRounds "5"]
[EventCountry "ITA"]
[SourceTitle "EXT 2024"]
[Source "ChessBase"]
[SourceDate "2023.10.10"]
[SourceVersion "1"]
[SourceVersionDate "2023.10.10"]
[SourceQuality "1"]

1. e4 c5 2. Nf3 e6 3. g3 Nc6 4. Bg2 g6 5. d4 cxd4 6. Nxd4 a6 7. Nxc6 dxc6 8. Qxd8+ Kxd8 9. e5 Bg7 10. f4 f6 11. b3 fxe5 12. Bb2 Ne7 13. Nd2 Nf5 14. Bxe5 Bxe5 15. fxe5 Bd7 16. Ke2 Kc7 17. Ne4 b6 18. Rad1 Rad8 19. Bh3 c5 20. Bxf5 exf5 21. Nd6 Be6 22. Ke3 Rd7 23. Rhf1 Re7 24. g4 fxg4 25. Ke4 Bd7 26. Rf6 Bc6+ 27. Kf4 g5+ 28. Kf5 Rd8 29. Re1 Bf3 30. Kxg5 Rg8+ 31. Kf4 Bd5 32. Rd1 Be6 33. Ne4 Rf7 34. Rd6 Rxf6+ 35. Nxf6 1-0

[Event "Biella op 6th"]
[Site "Biella"]
[Date "2015.09.27"]
[Round "4"]
[White "Molina, Fabrizio"]
[Black "Madiai, Federico"]
[Result "0-1"]
[WhiteElo "2206"]
[BlackElo "2176"]
[PlyCount "96"]
[EventDate "2015.09.25"]
[EventType "swiss"]
[EventRounds "5"]
[EventCountry "ITA"]
[SourceTitle "EXT 2016"]
[Source "ChessBase"]
[SourceDate "2015.10.08"]
[SourceVersion "1"]
[SourceVersionDate "2015.10.08"]
[SourceQuality "1"]

1. c4 e5 2. g3 Nf6 3. Bg2 d5 4. cxd5 Nxd5 5. Nc3 Nb6 6. Nf3 Nc6 7. a3 Be7 8. d3 0-0 9. b4 Be6 10. Bb2 f6 11. 0-0 Qc8 12. Rc1 Bh3 13. Ne4 Bxg2 14. Qb3+ Kh8 15. Kxg2 Qd7 16. Nc5 Bxc5 17. Rxc5 Nd8 18. Rc2 Ne6 19. h3 Qa4 20. Nd2 Rfc8 21. Rfc1 Qd7 22. Ne4 Nd5 23. Kh2 Ne7 24. Nc5 Nxc5 25. Rxc5 c6 26. a4 a6 27. e4 Ng6 28. d4 exd4 29. Rd1 Nf8 30. Bxd4 Rd8 31. Rcc1 Qe8 32. Qe3 Qg6 33. Bb6 Rxd1 34. Rxd1 Re8 35. f3 Qf7 36. Qd3 Qa2+ 37. Rd2 Qxa4 38. Bc5 a5 39. Qc4 axb4 40. Qf7 Qa8 41. Rd6 Ne6 42. Bxb4 Ng5 43. Qb3 Qc8 44. g4 Qc7 45. Bc5 Nf7 46. e5 Rxe5 47. Qd3 Nxd6 48. Bxd6 Qd8 0-1

[Event "Biella op 6th"]
[Site "Biella"]
[Date "2015.09.26"]
[Round "2"]
[White "Villa, Giorgio"]
[Black "Madiai, Federico"]
[Result "0-1"]
[WhiteElo "2028"]
[BlackElo "2176"]
[PlyCount "46"]
[EventDate "2015.09.25"]
[EventType "swiss"]
[EventRounds "5"]
[EventCountry "ITA"]
[SourceTitle "EXT 2016"]
[Source "ChessBase"]
[SourceDate "2015.10.08"]
[SourceVersion "1"]
[SourceVersionDate "2015.10.08"]
[SourceQuality "1"]

1. Nf3 d5 2. d4 Nf6 3. c4 e6 4. Bg5 Bb4+ 5. Nc3 dxc4 6. Qa4+ Nc6 7. e3 Bd7 8. Qc2 b5 9. Be2 a6 10. Ne5 h6 11. Bh4 Nxe5 12. dxe5 g5 13. exf6 gxh4 14. Qe4 Qxf6 15. 0-0 Rd8 16. Nd5 Qxb2 17. Nxc7+ Kf8 18. Nxa6 Be7 19. Bf3 Qa3 20. Qb7 Bc8 21. Qc7 Bxa6 22. Rad1 Kg7 23. Qxe7 Qxe7 0-1

[Event "Biella op 6th"]
[Site "Biella"]
[Date "2015.09.25"]
[Round "1"]
[White "Madiai, Federico"]
[Black "Agnello, Francesco Claudio"]
[Result "1/2-1/2"]
[WhiteElo "2176"]
[BlackElo "1945"]
[PlyCount "57"]
[EventDate "2015.09.25"]
[EventType "swiss"]
[EventRounds "5"]
[EventCountry "ITA"]
[SourceTitle "EXT 2016"]
[Source "ChessBase"]
[SourceDate "2015.10.08"]
[SourceVersion "1"]
[SourceVersionDate "2015.10.08"]
[SourceQuality "1"]

1. e4 c5 2. Nf3 e6 3. d4 cxd4 4. Nxd4 a6 5. c4 Nf6 6. Nc3 Bb4 7. Qd3 Nc6 8. Nxc6 dxc6 9. e5 Qxd3 10. Bxd3 Nd7 11. Bf4 Nc5 12. Bc2 b5 13. Bd2 Bb7 14. Ne4 Bxd2+ 15. Kxd2 Nxe4+ 16. Bxe4 0-0-0+ 17. Ke3 c5 18. Bxb7+ Kxb7 19. cxb5 axb5 20. Rhd1 Kc7 21. b3 Rxd1 22. Rxd1 Rd8 23. Rxd8 Kxd8 24. b4 c4 25. Kd4 Kc7 26. a4 bxa4 27. Kxc4 Kb6 28. f3 Kb7 29. Kd4 1/2-1/2

[Event "Bratto op 35th"]
[Site "Bratto"]
[Date "2015.08.26"]
[Round "5"]
[White "Madiai, Federico"]
[Black "Corvi, Marco"]
[Result "0-1"]
[WhiteElo "2227"]
[BlackElo "2322"]
[PlyCount "90"]
[EventDate "2015.08.22"]
[EventType "swiss"]
[EventRounds "9"]
[EventCountry "ITA"]
[SourceTitle "EXT 2016"]
[Source "ChessBase"]
[SourceDate "2015.10.08"]
[SourceVersion "1"]
[SourceVersionDate "2015.10.08"]
[SourceQuality "1"]

1. e4 Nf6 2. e5 Nd5 3. d4 d6 4. c4 Nb6 5. exd6 exd6 6. Nc3 Be7 7. h3 0-0 8. Nf3 Re8 9. Be3 Bf6 10. Rc1 Nc6 11. b3 Bf5 12. Be2 d5 13. c5 Nc8 14. 0-0 h6 15. a3 N8e7 16. b4 Be4 17. b5 Na5 18. Qa4 b6 19. Rfd1 Nf5 20. Bf4 Nc4 21. Qb4 Na5 22. Be5 Be7 23. Nd2 Bg5 24. Ra1 Bxd2 25. Rxd2 Bxg2 26. Bg4 Nh4 27. Rd3 Be4 28. Rg3 Ng6 29. Nxe4 dxe4 30. Rd1 Qe7 31. cxb6 axb6 32. Qxe7 Rxe7 33. Rc3 Nxe5 34. dxe5 Nb7 35. Rd7 Rxd7 36. Bxd7 Nc5 37. Bc6 Rd8 38. Re3 Rd3 39. Rxd3 exd3 40. Kf1 Kf8 41. Ke1 Ke7 42. Bd5 Ne6 43. Bc4 Nf4 44. f3 Nxh3 45. Bxd3 Nf4 0-1

[Event "Bratto op 35th"]
[Site "Bratto"]
[Date "2015.08.25"]
[Round "4"]
[White "Madiai, Federico"]
[Black "Coppola, Federico"]
[Result "1/2-1/2"]
[WhiteElo "2227"]
[BlackElo "2092"]
[PlyCount "81"]
[EventDate "2015.08.22"]
[EventType "swiss"]
[EventRounds "9"]
[EventCountry "ITA"]
[SourceTitle "EXT 2016"]
[Source "ChessBase"]
[SourceDate "2015.10.08"]
[SourceVersion "1"]
[SourceVersionDate "2015.10.08"]
[SourceQuality "1"]

1. e4 e6 2. d4 d5 3. Nd2 Nc6 4. Ngf3 Nf6 5. e5 Nd7 6. Bd3 Nb4 7. Be2 c5 8. Nb3 Nc6 9. Nxc5 Nxc5 10. dxc5 Bxc5 11. a3 Qc7 12. b4 Be7 13. Bb2 Bd7 14. 0-0 0-0 15. Bd3 a6 16. Qe2 b5 17. Nd4 Rfb8 18. f4 a5 19. Nxc6 Qxc6 20. Rf3 g6 21. bxa5 Rxa5 22. h4 b4 23. axb4 Rxa1+ 24. Bxa1 Rxb4 25. h5 Rb1+ 26. Rf1 Qc5+ 27. Kh2 Rxf1 28. Qxf1 Qe3 29. hxg6 hxg6 30. g3 Bc5 31. Bb2 Kg7 32. Bc1 Qf2+ 33. Qxf2 Bxf2 34. Ba3 Bd4 35. Be7 f5 36. Bb4 Be3 37. Kg2 g5 38. Kf3 gxf4 39. gxf4 Bb6 40. Be1 Be8 41. Bf2 1/2-1/2

[Event "Terre degli Elimi op 6th"]
[Site "Erice"]
[Date "2015.08.04"]
[Round "9"]
[White "Madiai, Federico"]
[Black "Franchini, Gabriele"]
[Result "0-1"]
[WhiteElo "2227"]
[BlackElo "2153"]
[PlyCount "122"]
[EventDate "2015.07.28"]
[EventType "swiss"]
[EventRounds "9"]
[EventCountry "ITA"]
[SourceTitle "EXT 2017"]
[Source "ChessBase"]
[SourceDate "2016.10.25"]
[SourceVersion "1"]
[SourceVersionDate "2016.10.25"]
[SourceQuality "1"]

1. e4 e6 2. d4 d5 3. Nd2 c5 4. Ngf3 cxd4 5. Nxd4 Nc6 6. Bb5 Bd7 7. Nxc6 Bxc6 8. Bxc6+ bxc6 9. c4 Nf6 10. exd5 exd5 11. Qa4 Qc7 12. b3 Be7 13. Bb2 0-0 14. cxd5 Nxd5 15. 0-0 Rfe8 16. Nf3 a5 17. Rac1 Rac8 18. Rfd1 Bf6 19. Bxf6 Nxf6 20. Rc5 Ne4 21. Rc4 Nd6 22. Rc2 Re4 23. Rd4 Rxd4 24. Qxd4 h6 25. h3 Rd8 26. Qc5 Nb7 27. Qe5 Qb6 28. Qe4 c5 29. Rd2 Rxd2 30. Nxd2 Nd6 31. Qd5 g6 32. Nf3 Qc7 33. Ne5 Kg7 34. Nc6 Nb7 35. Kf1 Qf4 36. g3 Qc1+ 37. Kg2 Qg5 38. Ne5 Qe7 39. Nc4 h5 40. h4 Qc7 41. Kf1 Kh7 42. Ke2 Kg8 43. Kd3 Kh7 44. Kc2 Nd8 45. Qd6 Qc8 46. Kb2 Ne6 47. Nxa5 Qh8+ 48. Ka3 Qc3 49. Nc4 Qb4+ 50. Kb2 Nd4 51. Qf4 Kg8 52. Qd2 Qb7 53. Qe3 Qd5 54. Qe8+ Kh7 55. Ne3 Qf3 56. Ka3 Qxf2 57. Qe7 Nb5+ 58. Ka4 Nc3+ 59. Ka5 Qxa2+ 60. Kb6 Qxb3+ 61. Kxc5 Qa3+ 0-1

[Event "Terre degli Elimi op 6th"]
[Site "Erice"]
[Date "2015.08.01"]
[Round "6"]
[White "Varriale, Luca"]
[Black "Madiai, Federico"]
[Result "1/2-1/2"]
[WhiteElo "2142"]
[BlackElo "2227"]
[PlyCount "121"]
[EventDate "2015.07.28"]
[EventType "swiss"]
[EventRounds "9"]
[EventCountry "ITA"]
[SourceTitle "EXT 2017"]
[Source "ChessBase"]
[SourceDate "2016.10.25"]
[SourceVersion "1"]
[SourceVersionDate "2016.10.25"]
[SourceQuality "1"]

1. d4 Nf6 2. c4 e6 3. Nc3 Bb4 4. e3 0-0 5. Nge2 c6 6. a3 Ba5 7. b4 Bc7 8. Ng3 d5 9. cxd5 exd5 10. Bd3 Re8 11. 0-0 Nbd7 12. b5 c5 13. dxc5 Nxc5 14. Be2 Be5 15. Qc2 Nfe4 16. Bb2 Qh4 17. Nxd5 Bd6 18. Nf4 Nxg3 19. hxg3 Qg5 20. Rad1 Bf8 21. Rd5 Qe7 22. Rc1 Nd7 23. Qc7 Nb6 24. Qxe7 Rxe7 25. Rd8 Rd7 26. Rxd7 Bxd7 27. Rc7 Bd6 28. Rc2 Bf8 29. Bd4 Rb8 30. Rc7 Be8 31. Bc5 Na8 32. Bxa7 Nxc7 33. Bxb8 Nxb5 34. Bf3 b6 35. Nd5 Bc5 36. a4 Na3 37. Ba7 Bxa4 38. Bxb6 Bd6 39. Bd4 Be8 40. Be2 Nb5 41. Bb2 Bc5 42. Bd3 Bd7 43. Nc3 Nc7 44. Ne4 Be7 45. f4 Ne8 46. Kf2 f5 47. Nd2 Nf6 48. Bxf6 Bxf6 49. Nf3 g6 50. Be2 Bc6 51. Nh2 h5 52. Bf3 Bb5 53. Bd5+ Kg7 54. Nf3 Bc3 55. Ng5 Ba6 56. Ne6+ Kf6 57. Nc5 Bb5 58. Kf3 Bb4 59. Nb3 Be1 60. Nd4 Bd3 61. Bc6 1/2-1/2

[Event "Terre degli Elimi op 6th"]
[Site "Erice"]
[Date "2015.07.30"]
[Round "3"]
[White "Madiai, Federico"]
[Black "Vega Gutierrez, Sabrina Neide"]
[Result "1/2-1/2"]
[WhiteElo "2227"]
[BlackElo "2381"]
[PlyCount "53"]
[EventDate "2015.07.28"]
[EventType "swiss"]
[EventRounds "9"]
[EventCountry "ITA"]
[SourceTitle "EXT 2017"]
[Source "ChessBase"]
[SourceDate "2016.10.25"]
[SourceVersion "1"]
[SourceVersionDate "2016.10.25"]
[SourceQuality "1"]

1. e4 d6 2. d4 Nf6 3. Nc3 e5 4. Nf3 exd4 5. Nxd4 Be7 6. Qf3 0-0 7. Nf5 Re8 8. Nxe7+ Qxe7 9. Bg5 Nbd7 10. Bd3 Qe5 11. Be3 Nc5 12. Bxc5 Qxc5 13. 0-0 Bd7 14. Rfe1 Bc6 15. a3 Re6 16. Qe3 Qh5 17. Qg3 Rae8 18. f3 Qh6 19. Qf2 a6 20. Bf1 Nh5 21. Rad1 Nf4 22. Kh1 Qh5 23. Ne2 Nxe2 24. Rxe2 f5 25. exf5 Rxe2 26. Bxe2 Qxf5 27. Bd3 1/2-1/2

[Event "Terre degli Elimi op 6th"]
[Site "Erice"]
[Date "2015.07.28"]
[Round "1"]
[White "Madiai, Federico"]
[Black "Gueci, Laura"]
[Result "1-0"]
[WhiteElo "2227"]
[BlackElo "1990"]
[PlyCount "89"]
[EventDate "2015.07.28"]
[EventType "swiss"]
[EventRounds "9"]
[EventCountry "ITA"]
[SourceTitle "EXT 2017"]
[Source "ChessBase"]
[SourceDate "2016.10.25"]
[SourceVersion "1"]
[SourceVersionDate "2016.10.25"]
[SourceQuality "1"]

1. e4 c5 2. Nf3 g6 3. d4 cxd4 4. Qxd4 Nf6 5. Nc3 Nc6 6. Qa4 d6 7. e5 dxe5 8. Nxe5 Qd4 9. Nc4 Bg7 10. Be3 Qd8 11. Nb6 Rb8 12. Rd1 Bd7 13. Nxd7 Nxd7 14. Bb5 0-0 15. Bxc6 bxc6 16. Qxa7 Rxb2 17. Ne2 Rxc2 18. Rxd7 Qb8 19. Qxb8 Rxb8 20. Nc1 h5 21. 0-0 Bf6 22. Rd2 Rxd2 23. Bxd2 Re8 24. Re1 c5 25. Re4 Rd8 26. Nb3 Ra8 27. Ba5 e6 28. Rc4 Be7 29. Kf1 f6 30. Ke2 Kf7 31. Kd3 g5 32. a4 Bd6 33. h3 f5 34. Kc2 g4 35. Bb6 Be7 36. Bxc5 Bh4 37. a5 e5 38. Ra4 Ke6 39. a6 f4 40. hxg4 hxg4 41. a7 Kd5 42. Rb4 e4 43. Rb8 e3 44. Rxa8 exf2 45. Re8 1-0

[Event "Barcelona Sants op 16th"]
[Site "Barcelona"]
[Date "2014.08.29"]
[Round "8"]
[White "Madiai, Federico"]
[Black "Voloshin, Pavel"]
[Result "1-0"]
[WhiteElo "2234"]
[BlackElo "2015"]
[PlyCount "73"]
[EventDate "2014.08.22"]
[EventType "swiss"]
[EventRounds "10"]
[EventCountry "ESP"]
[SourceTitle "CBM 162 Extra"]
[Source "ChessBase"]
[SourceDate "2014.10.17"]
[SourceVersion "1"]
[SourceVersionDate "2014.10.17"]
[SourceQuality "1"]

1. e4 e6 2. d4 d5 3. Nd2 c5 4. Ngf3 cxd4 5. Nxd4 Nf6 6. exd5 Qxd5 7. Nb5 Na6 8. Nc3 Qd8 9. a3 Be7 10. Qf3 Nc7 11. Bd3 0-0 12. 0-0 Ncd5 13. Nde4 Nxe4 14. Nxe4 f5 15. Ng3 Nb6 16. Bf4 Qd5 17. Qe2 Bf6 18. Rfd1 Qd4 19. Bc1 Qh4 20. Nh5 g6 21. Nxf6+ Qxf6 22. c4 Bd7 23. b3 h5 24. Bb2 Qf7 25. Qe5 Kh7 26. Rac1 Rae8 27. Qa5 Nc8 28. Bb1 b6 29. Qe5 Bc6 30. a4 Rd8 31. h3 Rxd1+ 32. Rxd1 Re8 33. Bc2 Qe7 34. Rd2 h4 35. Qf4 g5 36. Qe5 Kh6 37. Re2 1-0

[Event "Barcelona Sants op 16th"]
[Site "Barcelona"]
[Date "2014.08.24"]
[Round "3"]
[White "Valero Fuertes, Carlos"]
[Black "Madiai, Federico"]
[Result "0-1"]
[WhiteElo "2013"]
[BlackElo "2234"]
[PlyCount "114"]
[EventDate "2014.08.22"]
[EventType "swiss"]
[EventRounds "10"]
[EventCountry "ESP"]
[SourceTitle "CBM 162 Extra"]
[Source "ChessBase"]
[SourceDate "2014.10.17"]
[SourceVersion "1"]
[SourceVersionDate "2014.10.17"]
[SourceQuality "1"]

1. d4 Nf6 2. Nf3 e6 3. Bg5 c5 4. c3 cxd4 5. Bxf6 Qxf6 6. Qxd4 Qd8 7. Nbd2 Nc6 8. Qd3 d5 9. e3 b6 10. Nd4 Bb7 11. Nxc6 Bxc6 12. Nb3 a6 13. Nd4 Bb7 14. f4 Bd6 15. Be2 Qc7 16. Qd2 0-0 17. 0-0 Rae8 18. Rae1 g6 19. Bd1 e5 20. Ne2 Qc6 21. Ng3 exf4 22. exf4 Qc5+ 23. Kh1 Rxe1 24. Qxe1 d4 25. Bf3 Bd5 26. cxd4 Qxd4 27. Qd1 Qxd1 28. Rxd1 Bxf3 29. Rxd6 Bg4 30. Rxb6 Rc8 31. Kg1 Rc1+ 32. Kf2 Rc2+ 33. Kg1 Be6 34. Nf1 Bxa2 35. Ne3 Re2 36. Ng4 Kg7 37. Ne5 Bd5 38. Nf3 Bxf3 39. gxf3 a5 40. b4 axb4 41. Rxb4 Kf6 42. Rb5 Rd2 43. Re5 Rd4 44. Kg2 Rxf4 45. Ra5 Rf5 46. Ra6+ Kg5 47. Kg3 h6 48. Rb6 Rc5 49. Ra6 Rc4 50. Ra5+ f5 51. Rb5 h5 52. Rb6 h4+ 53. Kg2 Rc2+ 54. Kh3 Rf2 55. Rb3 Kf4 56. Rb4+ Kxf3 57. Rf4+ Kxf4 0-1

[Event "Pescia op-A 5th"]
[Site "Pescia"]
[Date "2013.10.13"]
[Round "4"]
[White "Madiai, Federico"]
[Black "Rinaldi, Francesco Saverio"]
[Result "1-0"]
[WhiteElo "2237"]
[BlackElo "2099"]
[PlyCount "87"]
[EventDate "2013.10.11"]
[EventType "swiss"]
[EventRounds "5"]
[EventCountry "ITA"]
[SourceTitle "EXT 2015"]
[Source "ChessBase"]
[SourceDate "2014.11.20"]
[SourceVersion "1"]
[SourceVersionDate "2014.11.20"]
[SourceQuality "1"]

1. e4 c5 2. Nf3 g6 3. c3 Bg7 4. d4 cxd4 5. cxd4 d5 6. e5 Bg4 7. Bb5+ Nc6 8. Bxc6+ bxc6 9. Nbd2 f6 10. Qa4 Qb6 11. 0-0 Nh6 12. h3 Bf5 13. exf6 exf6 14. Re1+ Kf7 15. Nb3 Rhe8 16. Bd2 Bd3 17. Nc5 Bb5 18. Qc2 Nf5 19. Bf4 Bf8 20. b4 a5 21. g4 Nd6 22. g5 Rxe1+ 23. Rxe1 Re8 24. Rxe8 Nxe8 25. Nd7 Qd8 26. Nxf8 Kxf8 27. bxa5 Qe7 28. Kg2 Qe4 29. Qxe4 dxe4 30. Nd2 Ng7 31. gxf6 Ne6 32. Be5 Bd3 33. a6 Bxa6 34. Nxe4 Bc4 35. a4 Nd8 36. Nc5 Ne6 37. Ne4 Nd8 38. Bd6+ Kf7 39. Be7 Nb7 40. Ng5+ Ke8 41. Bb4 h6 42. f7+ Bxf7 43. Nxf7 Kxf7 44. a5 1-0